| 000 | 00421nam a2200157Ia 4500 | ||
|---|---|---|---|
| 008 | 230312s9999||||xx |||||||||||||| ||und|| | ||
| 020 | _a0-7897-0950-3 | ||
| 082 |
_a005.3 _bKRA |
||
| 100 | _aKrayank Joe | ||
| 245 | 0 | _aComplete Idiot's Guide | |
| 260 |
_bMcmillian Compter Pub _aUSA _c1997 |
||
| 300 | _a421 | ||
| 546 | _aEng. | ||
| 650 |
_aComputer _vMicrosoft Office Over Easy , Whipping up word Documents |
||
| 942 | _cBK | ||
| 999 |
_c3051 _d3051 |
||